Normal view
MARC view
Entry Topical Term
001 - CONTROL NUMBER
- control field: 9460
003 - CONTROL NUMBER IDENTIFIER
- control field: PK-LaUMT
005 - DATE AND TIME OF LATEST TRANSACTION
- control field: 20260224101754.0
008 - FIXED-LENGTH DATA ELEMENTS
- fixed length control field: 260224|| aca||aabn | a|a d
040 ## - CATALOGING SOURCE
- Original cataloging agency: PK-LaUMT
- Transcribing agency: PK-LaUMT
150 ## - HEADING--TOPICAL TERM
- Topical term or geographic name as entry element: Dentisty
670 ## - SOURCE DATA FOUND
- Source citation: Work cat.: (PK-LaUMT)139873: Scully, Crispian 9459, Scully's handbook of medical problems in dentistry /, 2016
